00226nam a22000977a 4500020001500000082001400015100001700029245002700046260004500073300001000118 a0198554133 a546.3 PHI aPhipps, D.A. ametals and metabolism/ aLondon:bOsford university press,c1976. a133p: